The history of medicine / (Record no. 185836)
[ view plain ]
| 000 -LEADER | |
|---|---|
| fixed length control field | 00914 a2200229 4500 |
| 003 - CONTROL NUMBER IDENTIFIER | |
| control field | Nust |
| 005 - DATE AND TIME OF LATEST TRANSACTION | |
| control field | 20221018142708.0 |
| 010 ## - LIBRARY OF CONGRESS CONTROL NUMBER | |
| LC control number | 90023744 |
| 020 ## - INTERNATIONAL STANDARD BOOK NUMBER | |
| International Standard Book Number | 0836800249 |
| 040 ## - CATALOGING SOURCE | |
| Transcribing agency | Nust |
| 082 00 - DEWEY DECIMAL CLASSIFICATION NUMBER | |
| Classification number | 610.9,PAR |
| 100 1# - MAIN ENTRY--PERSONAL NAME | |
| Personal name | Parker, Steve, |
| 9 (RLIN) | 13608 |
| 245 14 - TITLE STATEMENT | |
| Title | The history of medicine / |
| Statement of responsibility, etc. | Steve Parker. |
| 250 ## - EDITION STATEMENT | |
| Edition statement | North American ed. |
| 260 ## - PUBLICATION, DISTRIBUTION, ETC. | |
| Place of publication, distribution, etc. | Milwaukee, WI : |
| Name of publisher, distributor, etc. | Gareth Stevens Children's Books, |
| Date of publication, distribution, etc. | 1992. |
| 300 ## - PHYSICAL DESCRIPTION | |
| Extent | 64 p. : |
| Other physical details | col. ill. ; |
| Dimensions | 27 cm. |
| 440 #0 - SERIES STATEMENT/ADDED ENTRY--TITLE | |
| Title | Gareth Stevens information library |
| 9 (RLIN) | 100120 |
| 505 ## - FORMATTED CONTENTS NOTE | |
| Formatted contents note | Health, Illness And Medicine (Page-4), Medicine In Ancient Times (Page-10), Medieval Medicine (Page-16), Scientific Beginnings (Page-22), A Time Of Rapid Progress (Page-30), The Medical Sys Today (Page-38), Medicine In Other Places (Page-48), Medicine In The Future (Page-56). |
| 650 #0 - SUBJECT ADDED ENTRY--TOPICAL TERM | |
| Topical term or geographic name entry element | Medicine |
| General subdivision | History |
| 9 (RLIN) | 100637 |
| 650 #0 - SUBJECT ADDED ENTRY--TOPICAL TERM | |
| Topical term or geographic name entry element | Medicine |
| General subdivision | History. |
| 9 (RLIN) | 100637 |
| 942 ## - ADDED ENTRY ELEMENTS (KOHA) | |
| Source of classification or shelving scheme | |
| Koha item type | Book |
| Withdrawn status | Lost status | Source of classification or shelving scheme | Damaged status | Not for loan | Permanent Location | Current Location | Shelving location | Date acquired | Full call number | Barcode | Date last seen | Price effective from | Koha item type | Public note |
|---|---|---|---|---|---|---|---|---|---|---|---|---|---|---|
| Military College of Signals (MCS) | Military College of Signals (MCS) | General Stacks | 12/12/2016 | 610.9,PAR | MCS2086 | 12/08/2016 | 12/12/2016 | Book | Almirah No.26, Shelf No.3 |
